Informations de début d'année (mort subite) - Statistiques

Statistiques générales
  • Ce quiz a été pris 36 fois
  • Le résultat moyen est 9 sur 12
Answers on the Grid
Answers color-coded by a green-red scale on the quiz's grid according to % correct below.
Evolution des dons d'argent entre particuliers
Renforcement du contrôle technique
Augmentation des prix à La Poste
Apparition de plaques d’immatriculation jaune cocu
Augmentation du prix du paquet de cigarettes
Augmentation du plafond de la sécurité sociale
Augmentation du carburant
Augmentation des frais d'agence immobilière
Augmentation du prix des poupées gonflables
Guichet de MaPrimeRénov’ suspendu
Réouverture des maisons closes
Augmentation du taux du PEL
Augmentation des prix des transports en commun en Île-de-France
Apparition de plaques d’immatriculation roses
52 semaines de congés annuels
Augmentation du Smic
 
Statistiques - réponses
Réponse % Correct
Augmentation du prix du paquet de cigarettes
83%
Augmentation des prix à La Poste
80%
Augmentation des prix des transports en commun en Île-de-France
80%
Augmentation du carburant
80%
Renforcement du contrôle technique
77%
Augmentation des frais d'agence immobilière
73%
Evolution des dons d'argent entre particuliers
73%
Augmentation du plafond de la sécurité sociale
70%
Augmentation du Smic
70%
Augmentation du taux du PEL
63%
Guichet de MaPrimeRénov’ suspendu
63%
Apparition de plaques d’immatriculation roses
50%
Aucun quiz correspondant
Distribution des résultats
% des personnes avec chaque résultat
Percentile par nombre de réponses
Votre historique - résultats
Vous n’avez pas pris ce quiz